Plus grande population de Mammifère par espèce - Statistiques

Statistiques générales
  • Ce quiz a été pris 162 fois
  • Le résultat moyen est 7 sur 15
Statistiques - réponses
Hint Réponse % Correct
625,000,000 Chat
91%
425,000,000 Chien
91%
998,300,000 Vache
89%
1,100,000,000 Mouton
83%
860,000,000 Chèvre
74%
1,7 x 10^11 Souris
74%
784,830,000 Cochon
67%
7,523,470,000 Humain
54%
2,880,000,000 Lièvre
33%
52,500,000,000 Hamster
31%
5,897,500,000 Ecureuil
20%
1,015,670,000 Rat noir
8%
769,050,000 Lapin domestique
2%
1,4 x 10^11 Lapin sauvage
2%
9,780,511,000 Rat brun
2%
Aucun quiz correspondant
Distribution des résultats
% des personnes avec chaque résultat
Percentile par nombre de réponses
Votre historique - résultats
Vous n’avez pas pris ce quiz